000 00796nam a2200229 a 4500
001 000037827
005 20201002031125.0
008 130306s1984 dr 000 0 spa d
040 _aDO-SdBNP
_bspa
_cBNPHU
082 _aRD861.08
_bA634p, 1984
245 0 0 _aAntología de la poesía dominicana 1844-1944 /
_cVicente Llorens.
250 _a2a. ed.
260 _aSanto Domingo :
_bSociedad Dominicana de Bibliófilos,
_c1984.
300 _a348 p. ;
_c24 cm.
490 1 _aCultura dominicana
590 _aInventariado, 2018/VM
650 4 _aPoesía dominicana
_y1844-1944
_vCOLECCIONES
_964280
650 4 _aLiteratura dominicana
_y1844-1944
_vCOLECCIONES
_956708
700 1 _aLlorens, Vicente,
_ecomp.
_913722
830 0 _aCultura dominicana
_91708
910 _aValidado. Control de calidad MFF
999 _c37317
_d37317